|
|
|
|
| LEADER |
00671cam a2200181 7i4500 |
| 001 |
0000016142 |
| 005 |
20050906090000.0 |
| 090 |
0 |
0 |
|a CD 338.7
|b KOM(UAE)
|
| 245 |
0 |
0 |
|a Kompass :
|b United Arab Emirates 2004.
|
| 260 |
0 |
0 |
|a (s.l):
|b United Arab Emirates,
|c 2004.
|
| 300 |
# |
# |
|a Electronic computer optical disc (CD-ROM).
|
| 500 |
0 |
0 |
|a Company Information
|
| 500 |
0 |
0 |
|a Product & services
|
| 650 |
0 |
0 |
|a Business --
|x United Arab Emirates --
|x Directories
|
| 650 |
0 |
0 |
|a Exporters --
|x United Arab Emirates --
|x Directories
|
| 650 |
0 |
0 |
|a Importers --
|x United Arab Emirates --
|x Directories
|
| 651 |
0 |
0 |
|a United Arab
|
| 999 |
|
|
|a CDR000494H
|b CD-ROM
|c AV Collection
|e Business Information Centre
|